000 02624cam a2200457Ii 4500
001 on1135067768
003 OCoLC
005 20240919135711.0
008 240919t20202020utu 000 1 eng d
020 _a1524425389
020 _a1524425389
035 _a(OCoLC)1135067768
040 _aUPZ
_beng
_erda
_cUPZ
_dUPZ
_dOCLCF
050 _aF
082 _aF
092 _aF
100 1 _aAbramson, Traci Hunter,
_eauthor.
_977006
245 1 0 _aRoyal Duty :
_ba Novel /
_cTraci Hunter Abramson.
264 1 _aAmerican Fork, Utah :
_bCovenant Communications, Inc.,
_c[2024]
264 4 _c©2020.
_aAmerican Fork, Utah :
_bCovenant Communications, Inc.,
300 _a269 pages ;
_c23 cm.
336 _atext
337 _aunmediated
338 _avolume
490 1 _aRoyal series.
520 _aThe ink on her diploma is barely dry, but Princess Victoria of Sereno is ready to tackle her first project as CEO of the new family business venture, The Royal Sands Resort. Only a month remains until their distinguished guests arrive for her sister Cassie’s coronation, and Victoria has her work cut out for her. Busy with preparations, she assumes that all eyes are on her sister. It’s an assumption that nearly kills her . . .
_bCIA operative Alan Neisler and his canine partner have been tasked with protecting the royal family of Sereno in the days leading up to the coronation. The job seems straightforward—until he finds himself diffusing a bomb the first day he’s on duty. When a second device is found at the family’s beach resort, Alan’s prime objective shifts to protecting Princess Victoria. As Victoria learns to trust Alan with her safety, sparks fly with the man who saves her life. Twice. But if they have any hope of making plans for a happily ever after, Alan and Victoria must outwit a deadly adversary who will stop at nothing to destroy the monarchy.
610 1 0 _aUnited States.
_bCentral Intelligence Agency
_xOfficials and employees
_vFiction.
_95704076
650 0 _aPrincesses
_vFiction.
_95673903
650 0 _aBodyguards
_vFiction.
_95690910
650 0 _aAssassins
_vFiction.
_95674246
655 7 _aFiction.
_2fast
_95673940
655 7 _aNovels.
_2fast
_95705821
655 7 _aThrillers (Fiction)
_2fast
_95697221
655 7 _aRomantic suspense fiction.
_2gsafd.
_95813880
655 7 _aThrillers (Fiction)
_2lcgft.
_95697221
655 7 _aNovels.
_2lcgft.
_95705821
655 7 _aLDS fiction.
_2local.
_95726108
800 1 _aAbramson, Traci Hunter.
_tRoyal series.
_95813881
907 _a.b423574206
942 _2ddc
_cBOOK
999 _c400397
_d400397